[Event "MSU Cup"]
[Site "Moscow"]
[Date "2024.04.23"]
[Round "3.6"]
[White "Siniauski, Artsiom"]
[Black "Papin, Vasily"]
[Result "1/2-1/2"]
[WhiteElo "2166"]
[BlackElo "2477"]
[PlyCount "38"]
[EventDate "2024.04.22"]
[EventType "team-tourn"]
[EventRounds "9"]
[EventCountry "RUS"]
[SourceTitle "CBM 219 Extra"]
[Source "ChessBase"]
[SourceDate "2024.05.31"]
[SourceVersion "1"]
[SourceVersionDate "2024.05.31"]
[SourceQuality "1"]
[WhiteTeam "Belarus"]
[BlackTeam "MGU"]
[WhiteTeamCountry "BLR"]
[BlackTeamCountry "RUS"]

1. e4 c5 2. Nf3 e6 3. d4 cxd4 4. Nxd4 a6 5. c4 Nf6 6. Nc3 Qc7 7. Qd3 b6 8. Qg3 d6 9. Bd3 Nbd7 10. 0-0 Bb7 11. Bd2 h5 12. Rae1 h4 13. Qh3 Be7 14. f4 Nh5 15. b4 Bf6 16. Nb3 Rc8 17. a4 Kf8 18. f5 exf5 19. Rxf5 Ne5 1/2-1/2

[Event "MSU Cup"]
[Site "Moscow"]
[Date "2024.04.22"]
[Round "1.10"]
[White "Rezvy, Lev"]
[Black "Papin, Vasily"]
[Result "1/2-1/2"]
[WhiteElo "2089"]
[BlackElo "2477"]
[PlyCount "95"]
[EventDate "2024.04.22"]
[EventType "team-tourn"]
[EventRounds "9"]
[EventCountry "RUS"]
[SourceTitle "CBM 219 Extra"]
[Source "ChessBase"]
[SourceDate "2024.05.31"]
[SourceVersion "1"]
[SourceVersionDate "2024.05.31"]
[SourceQuality "1"]
[WhiteTeam "SPbGU"]
[BlackTeam "MGU"]
[WhiteTeamCountry "RUS"]
[BlackTeamCountry "RUS"]

1. d4 Nf6 2. c4 e6 3. g3 d5 4. Nf3 Bb4+ 5. Bd2 Be7 6. Bg2 c6 7. Qc2 0-0 8. 0-0 b6 9. Bf4 Ba6 10. cxd5 cxd5 11. Rc1 Nbd7 12. Nc3 b5 13. a4 Qb6 14. axb5 Bxb5 15. Nxb5 Qxb5 16. Bf1 Qb6 17. Qc7 Bb4 18. Qxb6 axb6 19. Ne5 Nxe5 20. Bxe5 Rxa1 21. Rxa1 Rc8 22. Ra7 h6 23. Rc7 Ra8 24. Rb7 Ng4 25. Rb8+ Rxb8 26. Bxb8 Be1 27. f3 Ne3 28. Bc7 b5 29. Bf4 Nd1 30. b4 Bxb4 31. e4 Bc3 32. Bxb5 Bxd4+ 33. Kg2 dxe4 34. fxe4 Nc3 35. Bc6 g5 36. Bd2 Kg7 37. Bxc3 Bxc3 38. g4 Kf6 39. Kf3 Ke5 40. Be8 f6 41. Bb5 Bb4 42. h3 Kd4 43. Ba6 Bd6 44. Bc8 Ke5 45. Bd7 Bc5 46. Bc8 Bd6 47. Bd7 Bc5 48. Bc8 1/2-1/2

[Event "NZL-ch op 127th"]
[Site "Tauranga"]
[Date "2020.01.21"]
[Round "8"]
[White "Papin, Vasily"]
[Black "Polishchuk, Kirill"]
[Result "1/2-1/2"]
[WhiteElo "2481"]
[BlackElo "2151"]
[PlyCount "91"]
[EventDate "2020.01.14"]
[EventType "swiss"]
[EventRounds "9"]
[EventCountry "NZL"]
[SourceTitle "CBM 194 Extra"]
[Source "ChessBase"]
[SourceDate "2020.03.31"]
[SourceVersion "1"]
[SourceVersionDate "2020.03.31"]
[SourceQuality "1"]

1. d4 d5 2. c4 c6 3. Nf3 Nf6 4. Nbd2 e6 5. e3 Nbd7 6. b3 Bd6 7. Bb2 0-0 8. Bd3 c5 9. 0-0 b6 10. Ne5 Bb7 11. f4 Ne4 12. cxd5 exd5 13. Nxe4 dxe4 14. Bc4 Nf6 15. Qe2 Bd5 16. Rad1 Bxc4 17. Nxc4 Qe7 18. Nxd6 Qxd6 19. dxc5 Qxc5 20. Bxf6 gxf6 21. Rd4 Rae8 22. Rfd1 Kh8 23. Qb2 Qh5 24. Rd7 Re6 25. R1d5 Qh4 26. g3 Qg4 27. Rc7 b5 28. Qg2 Ra6 29. h3 Qe6 30. Rcd7 Rc8 31. f5 Rc1+ 32. Kh2 Qc6 33. Rd2 Kg7 34. R7d4 h5 35. Rxe4 Ra1 36. g4 R1xa2 37. gxh5+ Kh6 38. Rxa2 Rxa2 39. Qxa2 Qxe4 40. Qxa7 Qe5+ 41. Kg2 Qe4+ 42. Kg3 Qe5+ 43. Kg4 Qe4+ 44. Kg3 Qe5+ 45. Kg4 Qe4+ 46. Kg3 1/2-1/2

[Event "NZL-ch op 127th"]
[Site "Tauranga"]
[Date "2020.01.15"]
[Round "2"]
[White "Papin, Vasily"]
[Black "Smith, Robert Wayne"]
[Result "1-0"]
[WhiteElo "2481"]
[BlackElo "2160"]
[PlyCount "55"]
[EventDate "2020.01.14"]
[EventType "swiss"]
[EventRounds "9"]
[EventCountry "NZL"]
[SourceTitle "CBM 194 Extra"]
[Source "ChessBase"]
[SourceDate "2020.03.31"]
[SourceVersion "1"]
[SourceVersionDate "2020.03.31"]
[SourceQuality "1"]

1. d4 e6 2. c4 b6 3. a3 Bb7 4. Nc3 f5 5. d5 e5 6. e4 Nf6 7. exf5 Bc5 8. g4 0-0 9. h3 Bd4 10. Nge2 c5 11. Bg2 a6 12. a4 a5 13. Be3 Na6 14. Qd2 Nb4 15. Ng3 Ne8 16. 0-0 Nd6 17. b3 Qh4 18. Rae1 Rae8 19. Nce4 Nf7 20. Nh5 Bxe3 21. fxe3 Ng5 22. Nxg5 Qxg5 23. Ng3 Qh4 24. Ne4 Ba6 25. Rf2 h6 26. Ref1 Qd8 27. f6 Kh7 28. Nd6 1-0

[Event "George Trundle Masters"]
[Site "Auckland"]
[Date "2020.01.09"]
[Round "7"]
[White "Steadman, Michael VR"]
[Black "Papin, Vasily"]
[Result "0-1"]
[WhiteElo "2220"]
[BlackElo "2481"]
[PlyCount "60"]
[EventDate "2020.01.04"]
[EventType "tourn"]
[EventRounds "10"]
[EventCountry "NZL"]
[EventCategory "4"]
[SourceTitle "CBM 194 Extra"]
[Source "ChessBase"]
[SourceDate "2020.03.31"]
[SourceVersion "1"]
[SourceVersionDate "2020.03.31"]
[SourceQuality "1"]

1. d4 Nf6 2. c4 e6 3. Nc3 Bb4 4. e3 0-0 5. Nge2 c6 6. a3 Ba5 7. Ng3 d5 8. cxd5 exd5 9. Bd3 Bc7 10. Nce2 Re8 11. Qc2 Qe7 12. f3 b6 13. b4 a5 14. Rb1 axb4 15. axb4 Ba6 16. Bxa6 Nxa6 17. Bd2 c5 18. Nf5 Qd7 19. bxc5 bxc5 20. dxc5 Nxc5 21. Nxg7 Rec8 22. Nf5 Nce4 23. Qd3 Nxd2 24. Kxd2 Ba5+ 25. Kd1 Qa4+ 26. Rb3 Rab8 27. Ne7+ Kf8 28. Nxc8 Rxb3 29. Qc2 Rd3+ 30. Kc1 Bd2+ 0-1

[Event "RUS-chT rapid"]
[Site "Sochi"]
[Date "2019.10.18"]
[Round "1.1"]
[White "Papin, Vasily"]
[Black "Ponkratov, Pavel"]
[Result "0-1"]
[WhiteElo "2481"]
[BlackElo "2621"]
[PlyCount "120"]
[EventDate "2019.10.18"]
[EventType "team-swiss (rapid)"]
[EventRounds "9"]
[EventCountry "RUS"]
[SourceTitle "CBM 192 Extra"]
[Source "Chessbase"]
[SourceDate "2019.11.06"]
[SourceVersion "1"]
[SourceVersionDate "2019.11.06"]
[SourceQuality "1"]
[WhiteTeam "Moscow Law Faculty"]
[BlackTeam "South Ural Cheliabinsk"]
[WhiteTeamCountry "RUS"]
[BlackTeamCountry "RUS"]

1. Nf3 Nf6 2. c4 g6 3. Nc3 d5 4. cxd5 Nxd5 5. Qc2 Nc6 6. a3 Bg7 7. e3 0-0 8. Be2 e5 9. 0-0 a5 10. d3 Be6 11. Ne4 h6 12. Bd2 Kh8 13. Rab1 f5 14. Nc5 Bc8 15. Rfc1 g5 16. b4 axb4 17. axb4 g4 18. Ne1 Qf6 19. b5 Nce7 20. Bf1 b6 21. Na4 f4 22. exf4 exf4 23. Bc3 Nxc3 24. Nxc3 Ra7 25. Ne4 Qg6 26. Rb4 Nf5 27. Qd2 Nd4 28. Nc2 Ne6 29. Rc4 Bd7 30. Qb4 Rf5 31. Nc3 g3 32. fxg3 fxg3 33. h3 Qg5 34. Rd1 Qf6 35. Ne3 Rc5 36. Ne4 Qf4 37. Ng4 Rxc4 38. Qxc4 Ra8 39. Nef6 Bxf6 40. Qxf4 Nxf4 41. Nxf6 Bxb5 42. Ne4 Ra2 43. Nxg3 Bxd3 44. Bxd3 Rxg2+ 45. Kh1 Rxg3 46. Bf5 Kg7 47. Bc8 Kf6 48. Rd7 Rc3 49. Rh7 Kg6 50. Re7 Nxh3 51. Re6+ Kh5 52. Re5+ Ng5 53. Bd7 Rc2 54. Rb5 Rd2 55. Bc6 Kg4 56. Rb4+ Kf5 57. Rc4 Ke5 58. Rh4 Rd6 59. Rc4 Ne6 60. Bg2 c5 0-1

[Event "RUS-ch blitz"]
[Site "Sochi"]
[Date "2019.10.17"]
[Round "3"]
[White "Papin, Vasily"]
[Black "Goltsev, Dmitry"]
[Result "1-0"]
[WhiteElo "2481"]
[BlackElo "2309"]
[PlyCount "73"]
[EventDate "2019.10.17"]
[EventType "swiss (blitz)"]
[EventRounds "15"]
[EventCountry "RUS"]
[SourceTitle "CBM 192 Extra"]
[Source "Chessbase"]
[SourceDate "2019.11.06"]
[SourceVersion "1"]
[SourceVersionDate "2019.11.06"]
[SourceQuality "1"]

1. c4 Nf6 2. Nc3 e5 3. Nf3 d6 4. d4 Nbd7 5. g3 g6 6. Bg2 Bg7 7. 0-0 0-0 8. h3 Qe7 9. e4 h6 10. Re1 c6 11. Be3 Ne8 12. Qd2 Kh7 13. Rad1 Nc7 14. b3 f5 15. exf5 gxf5 16. dxe5 dxe5 17. Nh4 Nf6 18. Na4 Qf7 19. Bc5 Re8 20. Bd6 e4 21. Nc3 b5 22. cxb5 Nxb5 23. Nxb5 cxb5 24. Qa5 a6 25. Rc1 Ra7 26. a4 bxa4 27. bxa4 Be6 28. Nxf5 Qd7 29. Nxg7 Qxd6 30. Nxe8 Nxe8 31. Rxe4 Ng7 32. Rce1 Bf5 33. Re5 Bg6 34. Qc5 Qb8 35. Re7 Rxe7 36. Rxe7 Qb2 37. Qe5 1-0

[Event "RUS-ch blitz"]
[Site "Sochi"]
[Date "2019.10.17"]
[Round "7"]
[White "Papin, Vasily"]
[Black "Linker, Mikhail"]
[Result "1-0"]
[WhiteElo "2481"]
[BlackElo "2269"]
[PlyCount "71"]
[EventDate "2019.10.17"]
[EventType "swiss (blitz)"]
[EventRounds "15"]
[EventCountry "RUS"]
[SourceTitle "CBM 192 Extra"]
[Source "Chessbase"]
[SourceDate "2019.11.06"]
[SourceVersion "1"]
[SourceVersionDate "2019.11.06"]
[SourceQuality "1"]

1. c4 Nf6 2. Nc3 g6 3. g3 Bg7 4. Bg2 0-0 5. d4 d6 6. Nf3 Nc6 7. 0-0 a6 8. Bf4 Rb8 9. Rc1 Bd7 10. Qd2 e6 11. Bh6 b5 12. Bxg7 Kxg7 13. cxb5 axb5 14. d5 Ne7 15. dxe6 Bxe6 16. b3 c5 17. Ng5 d5 18. Rfd1 d4 19. Nxe6+ fxe6 20. Ne4 Nxe4 21. Bxe4 Qd6 22. b4 Qe5 23. Bf3 Qf6 24. bxc5 e5 25. c6 Rbc8 26. c7 Qd6 27. Qa5 Nd5 28. Qxb5 Nxc7 29. Qb7 Kh8 30. Bg4 Qf6 31. Bxc8 Qxf2+ 32. Kh1 Qxe2 33. Re1 Qd2 34. Qxc7 Rf2 35. Qxe5+ Kg8 36. Be6+ 1-0

[Event "RUS-ch blitz"]
[Site "Sochi"]
[Date "2019.10.17"]
[Round "9"]
[White "Papin, Vasily"]
[Black "Yatzenko, Anton"]
[Result "1-0"]
[WhiteElo "2481"]
[BlackElo "2383"]
[PlyCount "103"]
[EventDate "2019.10.17"]
[EventType "swiss (blitz)"]
[EventRounds "15"]
[EventCountry "RUS"]
[SourceTitle "CBM 192 Extra"]
[Source "Chessbase"]
[SourceDate "2019.11.06"]
[SourceVersion "1"]
[SourceVersionDate "2019.11.06"]
[SourceQuality "1"]

1. c4 e6 2. g3 d5 3. Bg2 Nf6 4. Nf3 Be7 5. 0-0 0-0 6. b3 dxc4 7. bxc4 c5 8. Nc3 Nc6 9. Bb2 a6 10. Rb1 Qc7 11. e3 Rd8 12. Qe2 b6 13. Ba1 Rb8 14. Ne1 Bb7 15. f4 Na5 16. g4 Bxg2 17. Nxg2 Qd7 18. g5 Ne8 19. Ne4 Qd3 20. Qxd3 Rxd3 21. Rfc1 f5 22. gxf6 gxf6 23. Rc2 Kf7 24. Kf1 Rdd8 25. Ke2 Nd6 26. Nxd6+ Rxd6 27. Ne1 Rg8 28. d3 Bd8 29. Kf1 Nc6 30. Bc3 Ne7 31. Rg2 Nf5 32. Rxg8 Kxg8 33. Ke2 Kf7 34. Nf3 Bc7 35. Nd2 Rd8 36. Ne4 Rg8 37. Kf2 Rg6 38. Rb2 e5 39. Nxc5 exf4 40. exf4 Bxf4 41. Nxa6 Bxh2 42. Kf3 Bg1 43. Nc7 Rg3+ 44. Ke4 Nd6+ 45. Kf4 Rg5 46. Nd5 Bc5 47. Re2 Rf5+ 48. Kg4 Rg5+ 49. Kh3 Nf5 50. Bxf6 Rh5+ 51. Kg4 Kg6 52. Nf4+ 1-0

[Event "Titled Tuesday intern op 3rd Sept"]
[Site "Chess.com INT"]
[Date "2019.09.03"]
[Round "9"]
[White "Melkumyan, Hrant"]
[Black "Papin, Vasily"]
[Result "0-1"]
[WhiteElo "2653"]
[BlackElo "2481"]
[PlyCount "108"]
[EventDate "2019.09.03"]
[EventType "swiss (blitz)"]
[EventRounds "10"]
[EventCountry "USA"]
[SourceTitle "EXT 2021"]
[Source "ChessBase"]
[SourceDate "2020.10.23"]
[SourceVersion "1"]
[SourceVersionDate "2020.10.23"]
[SourceQuality "1"]

1. d4 Nf6 2. c4 e6 3. Nf3 b6 4. a3 Ba6 5. Qb3 c6 6. Bg5 d5 7. e3 Be7 8. Nbd2 0-0 9. Bd3 c5 10. dxc5 bxc5 11. cxd5 exd5 12. Bxa6 Nxa6 13. 0-0 Rb8 14. Qa4 Qb6 15. Rfd1 Qb5 16. Qxb5 Rxb5 17. b4 h6 18. Bh4 Rb7 19. bxc5 Nxc5 20. Nd4 g5 21. Bg3 Nfe4 22. Nxe4 Nxe4 23. Nf5 Nxg3 24. hxg3 Bf6 25. Ra2 d4 26. Nxh6+ Kh7 27. Ng4 Bg7 28. exd4 Rd8 29. d5 f5 30. Ne3 Kg6 31. g4 fxg4 32. Nxg4 Rb5 33. Rad2 Rd6 34. Rd3 a5 35. Ne3 Rc5 36. a4 Be5 37. g3 Bf6 38. Kg2 Bg7 39. Rb1 Bf6 40. Rb5 Rxb5 41. axb5 Rb6 42. Rb3 a4 43. Ra3 Rxb5 44. Rxa4 Rb2 45. Kf3 Rd2 46. Ra6 Kf7 47. Ke4 Bd8 48. Ng4 Rd1 49. Ne5+ Kg7 50. Ra7+ Kf8 51. Rd7 Bb6 52. f4 gxf4 53. gxf4 Rf1 54. Kf5 Be3 0-1

[Event "RUS-chT2"]
[Site "Sochi"]
[Date "2019.05.10"]
[Round "9.1"]
[White "Papin, Vasily"]
[Black "Babarykin, Stanislav"]
[Result "1-0"]
[WhiteElo "2468"]
[BlackElo "2392"]
[PlyCount "37"]
[EventDate "2019.05.01"]
[EventType "team-swiss"]
[EventRounds "9"]
[EventCountry "RUS"]
[SourceTitle "CBM 190 Extra"]
[Source "ChessBase"]
[SourceDate "2019.07.15"]
[SourceVersion "1"]
[SourceVersionDate "2019.07.15"]
[SourceQuality "1"]
[WhiteTeam "Moscow Law Faculty"]
[BlackTeam "Smolensk Region"]
[WhiteTeamCountry "RUS"]
[BlackTeamCountry "RUS"]

1. Nf3 d5 2. e3 Nf6 3. c4 c6 4. Nc3 e6 5. b3 Nbd7 6. Qc2 Bd6 7. Bb2 0-0 8. Be2 a6 9. d4 Qe7 10. 0-0 Re8 11. Rfd1 dxc4 12. bxc4 e5 13. c5 Bc7 14. Rab1 e4 15. Nd2 Nf8 16. Nc4 Ng6 17. Nb6 Bxb6 18. cxb6 Nh4 19. d5 1-0

[Event "RUS-chT2"]
[Site "Sochi"]
[Date "2019.05.07"]
[Round "6.1"]
[White "Gharagyozyan, Artur"]
[Black "Papin, Vasily"]
[Result "0-1"]
[WhiteElo "2321"]
[BlackElo "2468"]
[PlyCount "70"]
[EventDate "2019.05.01"]
[EventType "team-swiss"]
[EventRounds "9"]
[EventCountry "RUS"]
[SourceTitle "CBM 190 Extra"]
[Source "ChessBase"]
[SourceDate "2019.07.15"]
[SourceVersion "1"]
[SourceVersionDate "2019.07.15"]
[SourceQuality "1"]
[WhiteTeam "Alania RNO"]
[BlackTeam "Moscow Law Faculty"]
[WhiteTeamCountry "RUS"]
[BlackTeamCountry "RUS"]

1. e4 c5 2. Nf3 Nc6 3. d4 cxd4 4. Nxd4 e6 5. Nc3 Qc7 6. g3 a6 7. Bg2 Nf6 8. 0-0 h5 9. h3 Bc5 10. Be3 d6 11. Re1 Ne5 12. Qe2 Ba7 13. Ndb5 axb5 14. Nxb5 Qb8 15. Bxa7 Rxa7 16. f4 Nc6 17. e5 dxe5 18. fxe5 Nd7 19. Nd6+ Ke7 20. Qf2 Ncxe5 21. Nxf7 Nxf7 22. Rxe6+ Kxe6 23. Bd5+ Kxd5 24. Qxf7+ Kc6 25. Qf3+ Kc7 26. Qf4+ Kd8 27. Qg5+ Nf6 28. Rd1+ Bd7 29. Qxg7 Qe5 30. Qxh8+ Kc7 31. Qg7 Qe3+ 32. Kf1 Ra5 33. g4 Qf3+ 34. Ke1 Re5+ 35. Kd2 Qe3# 0-1

[Event "Moscow Aeroflot op-B 18th"]
[Site "Moscow"]
[Date "2019.02.23"]
[Round "4"]
[White "Papin, Vasily"]
[Black "Shubin, Kirill"]
[Result "1-0"]
[WhiteElo "2496"]
[BlackElo "2353"]
[PlyCount "101"]
[EventDate "2019.02.20"]
[EventType "swiss"]
[EventRounds "9"]
[EventCountry "RUS"]
[SourceTitle "CBM 189 Extra"]
[Source "ChessBase"]
[SourceDate "2019.05.31"]
[SourceVersion "1"]
[SourceVersionDate "2019.05.31"]
[SourceQuality "1"]

1. Nf3 Nf6 2. c4 e6 3. Nc3 Bb4 4. g4 h6 5. Qc2 b6 6. a3 Bxc3 7. Qxc3 Bb7 8. h4 d5 9. Rg1 c5 10. cxd5 exd5 11. Qe3+ Qe7 12. g5 Qxe3 13. fxe3 hxg5 14. hxg5 Ne4 15. b4 Nd7 16. Bb2 Kf8 17. Ne5 Nxe5 18. Bxe5 Re8 19. Bf4 Ke7 20. d3 Nd6 21. bxc5 bxc5 22. Rc1 Rc8 23. Bg2 c4 24. Kd2 Ba8 25. Rh1 Rxh1 26. Bxh1 c3+ 27. Kc2 Nf5 28. Bf3 d4 29. Bxa8 Rxa8 30. e4 Nd6 31. Be5 Nb5 32. a4 f6 33. gxf6+ gxf6 34. Bh2 Nd6 35. Bg1 Rb8 36. Rb1 Rd8 37. Rb4 f5 38. e5 Nf7 39. Bxd4 Ke6 40. Bxa7 Nxe5 41. Rb6+ Kf7 42. Rb7+ Ke6 43. Rb6+ Kf7 44. Rb5 Ke6 45. Bb6 Ra8 46. a5 f4 47. Kxc3 Nd7 48. Kd4 Kd6 49. Ke4 Re8+ 50. Kf3 Rf8 51. Bd4 1-0

[Event "Moscow Aeroflot op-B 18th"]
[Site "Moscow"]
[Date "2019.02.20"]
[Round "1"]
[White "Wagner, Dinara"]
[Black "Papin, Vasily"]
[Result "1/2-1/2"]
[WhiteElo "2340"]
[BlackElo "2496"]
[PlyCount "103"]
[EventDate "2019.02.20"]
[EventType "swiss"]
[EventRounds "9"]
[EventCountry "RUS"]
[SourceTitle "CBM 189 Extra"]
[Source "ChessBase"]
[SourceDate "2019.05.31"]
[SourceVersion "1"]
[SourceVersionDate "2019.05.31"]
[SourceQuality "1"]

1. c4 c5 2. Nc3 Nc6 3. Nf3 g6 4. g3 Bg7 5. Bg2 d6 6. a3 e6 7. b4 Nge7 8. bxc5 dxc5 9. Bb2 0-0 10. 0-0 b6 11. d3 Bb7 12. e3 Rb8 13. Qe2 Ba8 14. Rab1 Nf5 15. Ne4 Bxb2 16. Qxb2 f6 17. Rfd1 Nd6 18. Nc3 Qe7 19. h4 Rbd8 20. Qe2 Rd7 21. d4 cxd4 22. exd4 Nf5 23. d5 exd5 24. cxd5 Qxe2 25. Nxe2 Nce7 26. g4 Ng7 27. Nf4 Rfd8 28. Rd2 Bxd5 29. Nxd5 Rxd5 30. Rxd5 Rxd5 31. Rc1 Rd7 32. g5 Kf7 33. Bf1 Ne6 34. Bc4 Nd5 35. Re1 Nec7 36. Nh2 b5 37. Bb3 fxg5 38. hxg5 Kg7 39. Ng4 a5 40. Kh2 a4 41. Bxd5 Nxd5 42. Re8 Rf7 43. Rb8 Rf5 44. Rb7+ Kf8 45. Rxb5 Ke7 46. Rb7+ Kd6 47. Rxh7 Rxg5 48. Ne3 Nxe3 49. fxe3 Re5 50. Ra7 Re4 51. Kg2 Rxe3 52. Rxa4 1/2-1/2